Septima stredovekých banských miest vo forme produktu cestovného ruchu bakalárska práca

Na minha lista:
Detalhes bibliográficos
Autor principal: Vasilco, Peter
Autor Corporativo: Obchodná fakulta EU. Katedra služieb a cestovného ruchu - zrušené
Outros Autores: Eliašová, Darina
Formato: Livro
Idioma:eslovaco
Publicado em: Bratislava 2011
Tags: Adicionar Tag
Sem tags, seja o primeiro a adicionar uma tag!

MARC

LEADER 00000nbm a2200000 4500
001 0140435
005 20161109111716.5
041 0 |a slo 
044 |a SK 
245 1 0 |a Septima stredovekých banských miest vo forme produktu cestovného ruchu  |b bakalárska práca  |c Peter Vasilco ; školiteľ: Darina Eliašová 
264 1 |a Bratislava  |c 2011 
300 |a 41 s. 
100 1 |a Vasilco, Peter 
700 1 |a Eliašová, Darina 
710 2 |a Obchodná fakulta EU. Katedra služieb a cestovného ruchu - zrušené